| 000 | 00955nam a2200241Ia 4500 | ||
|---|---|---|---|
| 003 | OSt | ||
| 005 | 20220923225034.0 | ||
| 006 | a|||||r|||| 00| 0 | ||
| 007 | ta | ||
| 008 | 220922b |||||||| |||| 00| 0 hin d | ||
| 024 | _a255,581 | ||
| 037 | _cTextual | ||
| 040 |
_aARTS _cARTS _bhin |
||
| 041 |
_2hin _ahin |
||
| 082 | _aP15:(R), 152L6 | ||
| 100 |
_aमिश्र, विधानिवास; चतुर्वेदी, मारिण्कलाल _9168317 |
||
| 245 | 0 | _aभारतीय भाषाशास्त्रीय चिन्तन | |
| 246 | _aBhāratīya bhāṣhāshāstrīya chintana | ||
| 260 |
_aजयपुर _b राजस्थान हिन्दी ग्रन्थ _c1976 |
||
| 300 |
_a174पृ. _ccm. |
||
| 942 |
_hP15:(R), 152L6 _cTEXL _2CC |
||
| 999 |
_c375579 _d375579 |
||